000 00268nam a22001097a 4500
008 230228b |||||||| |||| 00| 0 eng d
245 _aEmployment News
260 _aNew Delhi
_bAnupama Bhatnagar
_c2023
300 _a40
440 _aEmployment News
942 _2ddc
_cN
999 _c19922
_d19922